|
|
|
|
| LEADER |
00853nas a22002292u 4500 |
| 001 |
10039699 |
| 003 |
upatras |
| 005 |
20210117195558.0 |
| 008 |
010409c gr r p gre |
| 022 |
|
|
|a 1108-6513
|
| 040 |
|
|
|a GR-PaULI
|c GR-PaULI
|
| 082 |
0 |
4 |
|a 025.52
|
| 245 |
1 |
0 |
|a Σύγχρονη βιβλιοθήκη και υπηρεσίες πληροφόρησης
|h [Περιοδικό]
|
| 260 |
|
|
|a Αθήνα
|b Σύχρονοι ορίζοντες
|c 2000
|
| 310 |
|
|
|a Διμηνιαίο
|
| 362 |
0 |
|
|a (2000-2003)
|
| 852 |
|
|
|a GR-PaULI
|b ΠΑΤΡΑ
|b ΒΚΠ
|k ΠΕΡ
|h 025.52
|m 1948
|t 1
|3 (2000-2003)
|
| 866 |
|
|
|a (2000-2003)
|
| 942 |
|
|
|2 ddc
|s 1
|c JNL
|
| 952 |
|
|
|0 0
|1 0
|4 0
|6 025_520000000000000
|7 0
|9 19638
|a LISP
|b LISP
|c SER
|d 2016-04-24
|i 1948
|l 0
|o 025.52
|r 2016-04-24 00:00:00
|t 1
|w 2016-04-24
|y JNL
|
| 998 |
|
|
|c ΜΠΟΥΖΑΜΑΝΑΚΗ
|d 2001-04
|
| 999 |
|
|
|c 11013
|d 11013
|